Problemas y métodos de investigación en la historia de la filosofia

Guardat en:
Dades bibliogràfiques
Autor principal: Mondolfo, Rodolfo (autor)
Format: Llibre
Idioma:espanyol
Publicat: Buenos Aires EUDEBA 1960
Edició:2a. ed
Col·lecció:Temas de EUDEBA - Filosofía
Matèries:
Etiquetes: Afegir etiqueta
Sense etiquetes, Sigues el primer a etiquetar aquest registre!

MARC

LEADER 00000nam a2200000 a 4500
001 UCS6618
003 CL-VaPUC
008 970926e19600000AG |||||||||||||||||spa|d
082 0 4 |a 101  |b MON  |2 21 
100 |a Mondolfo, Rodolfo  |e autor  |9 339183 
245 1 0 |a Problemas y métodos de investigación en la historia de la filosofia 
250 |a 2a. ed 
300 |a 255 p 
942 |c BK 
945 |d 19970926 00:00:00  |a lriquelm 
260 |a Buenos Aires  |b EUDEBA  |c 1960 
650 0 |a Filosofía   |9 223554 
650 0 |a Historia de la filosofía  |9 256920 
650 0 |a Métodos de investigación   |9 262618 
650 0 |a Metodología   |9 256610 
583 |a last modification  |c 19970926 00:00:00  |k Rodrigo Vera 
490 0 |a Temas de EUDEBA - Filosofía 
999 |c 262263  |d 262261 
952 |0 0  |1 0  |4 0  |6 101_000000000000000_MON_1960  |7 0  |8 DER_TF  |9 290530  |a BIBDER  |b BIBDER  |d 2019-11-19  |i 188526K  |o 101 MON 1960  |p 188526K  |r 2023-01-25  |w 2019-11-19  |x Ubicación 4to Piso  |y BK  |z Estos recursos deben solicitarse con anticipación  |k DER